Les boucheries dans les 10 plus grandes villes de France - Statistiques

Statistiques générales
  • Ce quiz a été pris 16 fois
  • Le résultat moyen est 7 sur 10
Statistiques - réponses
Rang Nombre de boucheries 1 pour ... habitants Commune % Correct
4 665 3 227 Paris
93%
3 296 2 949 Marseille
86%
1 125 2 742 Nice
71%
5 152 3 312 Toulouse
71%
7 66 3 586 Lille
64%
8 136 3 949 Lyon
64%
6 74 3 378 Bordeaux
57%
2 104 2 900 Montpellier
57%
9 61 5 321 Nantes
50%
10 41 7 088 Strasbourg
43%
Aucun quiz correspondant
Distribution des résultats
% des personnes avec chaque résultat
Percentile par nombre de réponses
Votre historique - résultats
Vous n’avez pas pris ce quiz